The chemical industry

שמור ב:
מידע ביבליוגרפי
מחבר ראשי: Sharp, D. H.
פורמט: ספר
שפה:Undetermined
יצא לאור: London Society Of Chemical Industry 1982
נושאים:
תגים: הוספת תג
אין תגיות, היה/י הראשונ/ה לתייג את הרשומה!
Thư viện lưu trữ: Trung tâm Học liệu Trường Đại học Cần Thơ
LEADER 00514nam a2200193Ia 4500
001 CTU_84130
008 210402s9999 xx 000 0 und d
082 |a 338.4 
082 |b S529 
100 |a Sharp, D. H. 
245 4 |a The chemical industry 
245 0 |c D. H. Sharp, T. F. West 
260 |a London 
260 |b Society Of Chemical Industry 
260 |c 1982 
650 |a Chemical industries 
650 |x History 
904 |i Qhieu(sửa) 
980 |a Trung tâm Học liệu Trường Đại học Cần Thơ